00900nam a2200217 a 450000100100000000500170001000800410002704000250006810000430009324500700013625000110020626000410021730000260025850000730028450000210035750400240037859000760040204900090047895201780048799900170066500003583320200930074641.0111115s1946 es 000 0 spa d aDO-SdBNPbspacBNPHU1 aLlorca Vives, Bernardino,d1898-9424010aManual de historia eclesiástica /cpor el p. Bernardino Llorca. a2a ed. aBarcelona :bEditorial Labor,c1946. axxv, 923 p. ;c23 cm. aIncluye referencias bibliográficas y notas al pie de las páginas aIncluye índice aBibliografía : p. aPerteneció a la biblioteca personal de Juan Isidro Jimenes Grullón. aBNPD 001050718RVaGRbGRcCTd2011-11-15iLF1l0o p35833-10r2020-06-25w2020-06-25y1zPerteneció a la biblioteca personal de Juan Isidro Jimenes Grullón.ZNo se presta c35324d35324